<?xml version="1.0" encoding="utf-8"?>
<?xml-stylesheet type='text/xsl' href='./oai2.xsl'?>
<OAI-PMH xmlns="http://www.openarchives.org/OAI/2.0/" xmlns:xsi="http://www.w3.org/2001/XMLSchema-instance" xsi:schemaLocation="http://www.openarchives.org/OAI/2.0/ http://www.openarchives.org/OAI/2.0/OAI-PMH.xsd">
  <responseDate>2026-06-06T08:34:20Z</responseDate>
  <request verb="GetRecord" metadataPrefix="marcxml" identifier="record_kuniweb_1377384">https://kulturerbe.niedersachsen.de/oai</request>
  <GetRecord>
    <record>
      <header>
        <identifier>record_kuniweb_1377384</identifier>
        <datestamp>2024-02-22T10:22:04Z</datestamp>
        <setSpec>slg0242</setSpec>
      </header>
      <metadata>
        <marc:record xmlns:marc="http://www.loc.gov/MARC21/slim" xsi:schemaLocation="http://www.loc.gov/MARC21/slim http://www.loc.gov/standards/marcxml/schema/MARC21slim.xsd">
          <marc:leader>12345nrm  22     uu 4500</marc:leader>
          <marc:controlfield tag="001">1377384</marc:controlfield>
          <marc:controlfield tag="003">http://kuniweb.gbv.de</marc:controlfield>
          <marc:controlfield tag="005">2021-01-12T13:43:07</marc:controlfield>
          <marc:controlfield tag="008">|           ||||||||||||||||||||||</marc:controlfield>
          <marc:datafield tag="245" ind1="1" ind2="0">
            <marc:subfield code="a">Weitmündige Kanne</marc:subfield>
          </marc:datafield>
          <marc:datafield tag="655" ind1=" " ind2="7">
            <marc:subfield code="a">Archäologie</marc:subfield>
          </marc:datafield>
          <marc:datafield tag="046" ind1=" " ind2=" ">
            <marc:subfield code="k">1300</marc:subfield>
            <marc:subfield code="k">ca. 1300 - ca. 1500</marc:subfield>
            <marc:subfield code="l">1500</marc:subfield>
          </marc:datafield>
          <marc:datafield tag="260" ind1=" " ind2=" ">
            <marc:subfield code="g">1300</marc:subfield>
            <marc:subfield code="g">1500</marc:subfield>
            <marc:subfield code="g">ca. 1300 - ca. 1500</marc:subfield>
          </marc:datafield>
          <marc:datafield tag="300" ind1=" " ind2=" ">
            <marc:subfield code="a">Höhe: 24,7 cm
Durchmesser: 26,4 cm (Mündung)
Durchmesser: 30,1 cm (Bauch)
Durchmesser: 21,8 cm (Standring)</marc:subfield>
          </marc:datafield>
          <marc:datafield tag="520" ind1=" " ind2=" ">
            <marc:subfield code="a">Die fragmentierte Kanne stammt aus dem Bereich der Dammburg, einer fast vergessenen Burganlage am nordöstlichen Ortsrand von Alt Isenhagen (dazu Literatur H.-W. Heine 1993). Nach ersten Rettungsgrabungen und Sondierungen wurde bei planmäßigen Ausgrabungen zwischen 1986 und 1990 die Bebauungs- und Befestigungsstruktur der Anlage erschlossen. In diesem Zuge wurden auch zahlreiche Funde des 12. bis 14. Jahrhunderts geborgen. 

Das stark fragmentierte Gefäß konnte weitgehend rekonstruiert werden. Die weitmundige Tüllenkanne besitzt Henkel und Standlappen sowie eine verzierte Halszone. Von der Tülle ist lediglich der Ansatz erhalten. Das Gefäß lässt sich in das 14. Jahrhundert datieren.  (Baier &amp; Eichfeld 12/2020)

Beschrieben in:
H. -W. Heine, „Archäologische Untersuchungen aud der Dammburg bei Alt-Isenhagen (Hankensbüttel, Ldkr. Gifhorn)“. Theiss, Stuttgart, 1993.</marc:subfield>
          </marc:datafield>
          <marc:datafield tag="773" ind1="0" ind2=" ">
            <marc:subfield code="t">Archäologische Sammlung</marc:subfield>
          </marc:datafield>
          <marc:datafield tag="852" ind1=" " ind2=" ">
            <marc:subfield code="a">Historisches Museum Schloss Gifhorn</marc:subfield>
          </marc:datafield>
          <marc:datafield tag="852" ind1=" " ind2=" ">
            <marc:subfield code="a">Alt Isenhagen (Hankensbüttel, Gifhorn, Niedersachsen)</marc:subfield>
          </marc:datafield>
          <marc:datafield tag="" ind1=" " ind2=" ">
            <marc:subfield code="a">Namensnennung - Weitergabe unter gleichen Bedingungen 4.0 International (CC BY-SA 4.0)</marc:subfield>
          </marc:datafield>
        </marc:record>
      </metadata>
    </record>
  </GetRecord>
</OAI-PMH>
